000 00771nam a22002297a 4500
008 121005t mx||||| |||| 00| 0 esp d
020 _a9687155841
050 0 4 _aGV1627
_bV55 1995
100 1 _aVillanueva, Eric
245 1 3 _aLa danza contemporánea, un problema sin resolver
_b : integración dancística para grupos y bailarines de danza independientes /
_cEric Villanueva.
250 _a1a ed.
260 _aMéxico :
_bKinetempo, Gaceta,
_c1995
300 _a239 p. ;
_c18 cm.
490 0 _aEscenología
490 0 _aDanza
_vno. 2
504 _aIncluye bibliografia
650 7 _2Lemb
_aDanza
_zMéxico
650 7 _2Lemb
_aDanza moderna
_zMéxico
650 7 _2Lemb
_aCoreografías
_zMéxico
651 2 7 _2Lemb
_aMéxico
_xDanza
_xAsociaciones
942 _2lcc
_cLIB
999 _c33411
_d33411